The impostor /

Bibliographic Details
Main Author: Cocteau, Jean, 1889-1963 (Author)
Format: Book
Language:English
Published: London : Peter Owen Limited, MCMLVII [1957]
Subjects:

MARC

Tag First Indicator Second Indicator Subfields
LEADER 00000cam a22000001 4500
001 in00000022634
005 20180803120807.0
008 761110s1957 enk 000 f eng c
010 |a a 57006803  
035 |a (OCoLC)ocm02550227 
035 |a (OCoLC)02550227 
035 |9 AAD8990AM 
040 |a Rochester. Univ. Libr.  |b eng  |c FHM  |d DLC  |d SER  |d UKM  |d BTCTA  |d OCLCG  |d CRU  |d NZAUC  |d OCLCA  |d OCLCF  |d OCLCQ  |d OCLCO  |d OCL  |d PAU  |d OCLCQ  |d TXA 
015 |a GB5704696  |2 bnb 
019 |a 973684055 
035 |a (OCoLC)2550227  |z (OCoLC)973684055 
041 1 |a eng  |h fre 
043 |a e-fr--- 
050 0 0 |a PZ3.C6478  |b Im 
050 1 4 |a PQ2605.O15  |b T4613 1957 
082 0 4 |a 843.91  |2 18 
090 |a PQ2605.O15  |b T513 1957 
049 |a TXAM 
100 1 |a Cocteau, Jean,  |d 1889-1963,  |e author. 
240 1 0 |a Thomas l'imposteur.  |l English 
245 1 4 |a The impostor /  |c Jean Cocteau ; translated from the French by Dorothy Williams. 
264 1 |a London :  |b Peter Owen Limited,  |c MCMLVII [1957] 
300 |a 132 pages ;  |c 19 cm 
336 |a text  |b txt  |2 rdacontent 
337 |a unmediated  |b n  |2 rdamedia 
338 |a volume  |b nc  |2 rdacarrier 
500 |a The Cushing Library/Women & Gender Studies copy was acquired as part of The Don Kelly Research Collection of Gay Literature and Culture.  |5 TXA 
500 |a The Cushing Library/Women & Gender Studies copy contains the bookplate of Anthony Reid.  |5 TXA 
650 0 |a World War, 1914-1918  |z France  |v Fiction. 
650 0 |a Williams, Dorothy,  |e translator. 
650 0 |a Bookplates  |v Specimens. 
650 7 |a French fiction.  |2 fast  |0 (OCoLC)fst00934302 
648 7 |a 1900-1999  |2 fast 
655 7 |a Translations.  |2 fast  |0 (OCoLC)fst01423791 
655 7 |a Gay fiction.  |2 lcgft 
700 1 |a Reid, Anthony,  |e former owner.  |5 TXA 
994 |a C0  |b TXA 
948 |a updated  |b h  |c 2018/8/2  |d c  |e nbehmer  |f 1:34:27 pm 
999 f f |s db322023-ef48-3bfd-98d9-44f6b80befd2  |i 78598a3f-5ee7-3120-afb0-e77e950c17fd  |t 0 
952 f f |p noncirc  |a Texas A&M University  |b College Station  |c Cushing Memorial Library & Archives  |d Cushing: Ragan Military (Does not check out)  |t 0  |e PQ2605.O15T4 A2  |h Library of Congress classification  |i unmediated -- volume 
952 f f |p normal  |a Texas A&M University  |b College Station  |c Sterling C. Evans Library  |d Evans: Library Stacks  |t 0  |e PQ2605.O15T4 A2  |h Library of Congress classification  |i unmediated -- volume  |m A14801368173 
952 f f |p noncirc  |a Texas A&M University  |b College Station  |c Cushing Memorial Library & Archives  |d Cushing: Women & Gender Studies (Does not check out)  |t 0  |e PQ2605.O15 T513 1957  |h Library of Congress classification  |i unmediated -- volume 
998 f f |a PQ2605.O15T4 A2  |t 0  |l Cushing: Ragan Military (Does not check out) 
998 f f |a PQ2605.O15 T513 1957  |t 0  |l Cushing: Women & Gender Studies (Does not check out) 
998 f f |a PQ2605.O15T4 A2  |t 0  |l Evans: Library Stacks